Statistics for Countries Without Independence Day

Click here to take the quiz!

General Stats

  • This quiz has been taken 30 times
  • The average score is 13 of 29

Answer Stats

Indepence from?Country% Correct
NoneUnited Kingdom
96%
NoneFrance
80%
NoneChina
76%
NoneJapan
76%
Denmark-NorwayDenmark
72%
Iberian UnionSpain
68%
NoneItaly
64%
NoneIran
60%
NoneThailand
56%
FranceAndorra
52%
German ConfederationGermany
52%
United KingdomAustralia
48%
NoneEthiopia
48%
NetherlandsLuxembourg
48%
SpainNetherlands
48%
NoneSaudi Arabia
48%
ItalyVatican City
44%
United KingdomEgypt
40%
German ConfederationLiechtenstein
40%
FranceMonaco
40%
United KingdomNew Zealand
40%
Western Roman EmpireSan Marino
40%
NoneTaiwan
32%
PortugalOman
24%
NoneBhutan
20%
NoneNepal
12%
United StatesFederated States of Micronesia
4%
United StatesMarshall Islands
4%
United StatesPalau
0%

Score Distribution

Percentile by Number Answered

Percent of People with Each Score

Your Score History

You have not taken this quiz